1741 1313 1257 1444 1632 1790 1442 1127 1905 1122 1807 1758 1293 1421 1027 1410 1209 1653 1825 1755 1910 1041 1650 1718 1917 1199 1872 1350 1888 1674 1743 1682 1807 1419 1431 1089 1718 1692 1299 1924 1250 1939 1080 1287 1060 1883 1044 1755 1900 1483 1347 1672 1703 1433 1774 1216 1479 1146 1444 1527 1393 1308 1974 1289 1237 1203 1345 1649 1239 1048 1438 1036 1420 1476 1616 1370 1412 1447 1740 1258 1509 1561 1337 1901 1293 1589 1214 1649 1809 1500 1128 1433 1547 1926 1616 1264 1645 1979 1036 BCNSPRNW ULIB Ver.6.0+V

เปลี่ยนเป็นภาษาไทย

Change to English
 แสดงรายละเอียดบรรณานุกรม
  กลับหน้าหลัก

Brief Record : Get Marc (ISO 2709) : E-mail record : QR code < ปิดหน้าต่าง
LEADER : 00000nam 2200000uu 4500
001    13399115223
003     ULIB
008    120801s2548||||th 000 0 tha d
020    ^a9789749907719
090    ^aนว.^bร930ฮ ล.6 2548
100 0  ^aโรว์ลิ่ง, เจ.เค.
245 00 ^aแฮร์รี่ พอตเตอร์ กับเจ้าชายเลือดผสม เล่ม 6/^cโรว์ลิ่ง, เจ.เค.
250    ^aพิมพ์ครั้งที่ 1
260    ^aกรุงเทพฯ :^bนานมีบุ๊คส์,^c2548
300    ^a680 หน้า
710 1  ^aนานมีบุ๊คส์
945    ^p395^l0^i14054
995    ^aกัณชพร
999    ^aใช้งานได้ทุกระบบ
รายการนี้ยังไม่มีแท็ก
คุณยังไม่ได้ล็อกอิน คุณสามารถมีกิจกรรมร่วมกับเว็บไซต์ได้ แต่ต้องล็อกอินก่อน ::
  ล็อกอิน

รายการสื่อสารสนเทศ

ลำดับที่ ประเภท เลขเรียก/บาร์โค้ด สถานที่ สถานะ
1. วิทยาศาสตร์การแพทย์ และสุขภาพ
วิทยาศาสตร์การแพทย์ และสุขภาพ
นว. ร930ฮ ล.6 2548  
  Barcode: 14054
ห้องสมุดวิทยาเขตสวรรค์ประชารักษ์
►นวนิยาย
บนชั้น
  ขอยืม

รายการใกล้เคียง
    ผู้แต่ง [โรว์ลิ่ง, เจ.เค.]

BibComment


ยังไม่เคยถูกคอมเมนท์

คอมเมนท์ทรัพยากรรายการนี้
  คอมเมนท์: แฮร์รี่ พอตเตอร์..


 Copyright 2026. Bcnsprnw @Library